Geography Class - Statistics

General Stats
  • This quiz has been taken 8 times
  • The average score is 8 of 15
Answer Stats
Question Answer % Correct
Where painted the Mona Lisa? Italy
100%
What is the capital of New York? Albany
88%
What is the capital of Azerbaijan? Baku
88%
Where is Adolf Hitler from? moustache man Austria
63%
Who painted the Mona Lisa? DA VINC(K)I!?
63%
What is the currency of New Zealand? New Zealand Dollar
63%
Which one of these people are Presidents? Faustin-Archange Touadera, Central African Republic
50%
Where was the birthday cake invented? Germany
50%
What is the length between Belize and Tajikstan(kilometers and miles)? 13428 km/8343 miles
38%
What are the coordinates of Spain? 40.4637°N, 3.7492° W
38%
Which of the Chinese provinces are known for its pandas? Sichuan
38%
how much did you get right? if you got less then 5 good job less then 5
25%
Which country created english muffins? USA USA USA USA USA USA USA USA USA USA USA USA USA USA
25%
Where is Adolf Hitler from? (uunona) Namibia
13%
When did the Civil War end? no civil war
13%
No matching quizzes found
Score Distribution
Percent of People with Each Score
Percentile by Number Answered
Your Score History
You have not taken this quiz